000 01108cam a2200277 a 4500
001 992
003 BD-RjUL
005 20211208233248.0
008 131124s1949 ncu 001 0 eng d
035 _a(BD-RjUL)1014
040 _aDLC
_cFJ
_dBD-RjUL
_beng
041 _aeng
082 _a027.075
_216
_bLIB 1949
110 2 _aSoutheastern States Cooperative Library Survey.
_9116161
245 1 0 _aLibraries of the Southeast:
_ba report of the Southeastern States Cooperative Library Survey, 1946-1947/
_cEdited by Louis R. Wilson and Marion A. Milczewski, with a foreword by Helen M. Harris.
260 _aChapel Hill:
_bPublished for the Southeastern Library Association by the University of North Carolina Press,
_c1949.
300 _axxiv, 301 p. :
_bdiagrs. ;
_c23 cm.
504 _aBibliographical footnotes.
650 0 _aLibraries
_zSouthern States.
_92930
650 0 _aLibrary surveys.
_92931
700 1 _aWilson, Louis Round,
_d1876-1979,
_eed.
_92060
700 1 _aMilczewski, Marion A.
_q(Marion Anthony),
_d1912-1981,
_eed.
_92932
942 _2ddc
_cBK
999 _c992
_d992